000 00402 a2200169 4500
003 Nust
005 20230120144553.0
040 _cNust
082 _a808.81,SEL
100 _aSquire J C
_9107259
245 _aSelections From Modern Poets /
_cJ.C Squire
260 _aLondon
_bMartin Secker
300 _ax,709:p
538 _aAlmirah No.57 Shelf No.3
650 _aPoetry
_929982
942 _2ddc
_cBK
999 _c186810
_d186810